banner koha

Terra e sua associacao com ferro dextran no desempenho de leitoes em aleitamento [confinamento, Brasil] (Registro n. 108238)

MARC details
000 -LÍDER
campo de controle de tamanho fixo 00965nas a2200313 4500
001 - NÚMERO DE CONTROLE
campo de controle BR8108094
003 - IDENTIFICADOR DO NÚMERO DE CONTROLE
campo de controle BR-BrBNA
005 - DATA E HORÁRIO DA ÚLTIMA TRANSAÇÃO
campo de controle 20231205084934.0
007 - CAMPO FIXO DE DESCRIÇÃO FÍSICA--INFORMAÇÃO GERAL
campo de controle de tamanho fixo ta
008 - CAMPO DE DADOS FIXOS--INFORMAÇÃO GERAL
campo de controle de tamanho fixo 230509b bl.|||p| |||| 00| 00por d
040 ## - FONTE DA CATALOGAÇÃO
Instituição da catalogação original BR-BrBNA
Idioma da catalogação por
Instituição que transcreveu o registro Biblioteca Nacional de Agricultura
041 ## - CÓDIGO DE IDIOMA
Código do idioma do texto/trilha sonora ou título diferente (Pt)
072 ## - CÓDIGO DE CATEGORIA DE ASSUNTO
Código de Categoria de Assunto L30
100 1# - ENTRADA PRINCIPAL--NOME PESSOAL
Nome pessoal Nunes, R. da C.
100 1# - ENTRADA PRINCIPAL--NOME PESSOAL
Nome pessoal Lopes, E.L.
100 1# - ENTRADA PRINCIPAL--NOME PESSOAL
Nome pessoal Correa, A. do E.S.
100 1# - ENTRADA PRINCIPAL--NOME PESSOAL
Nome pessoal Cavalcanti, S. de S.
100 1# - ENTRADA PRINCIPAL--NOME PESSOAL
Nome pessoal Anselmo, F.P.
245 1# - TÍTULO
Título Terra e sua associacao com ferro dextran no desempenho de leitoes em aleitamento [confinamento, Brasil]
650 ## - ASSUNTO--TERMO TÓPICO
Cabeçalho tópico ou nome geográfico SUÍNO
650 ## - ASSUNTO--TERMO TÓPICO
Cabeçalho tópico ou nome geográfico ALEITAMENTO
650 ## - ASSUNTO--TERMO TÓPICO
Cabeçalho tópico ou nome geográfico CONFINAMENTO
650 ## - ASSUNTO--TERMO TÓPICO
Cabeçalho tópico ou nome geográfico GOIAS
650 ## - ASSUNTO--TERMO TÓPICO
Cabeçalho tópico ou nome geográfico FERRO
650 ## - ASSUNTO--TERMO TÓPICO
Cabeçalho tópico ou nome geográfico PERFORMANCE
773 0# - ENTRADA ANALÍTICA
Título Anais da Escola de Agronomia e Veterinaria - Universidade Federal de Goias (Brazil)
ISSN - International Standard Serial Number ISSN 0100-218X
Partes relacionadas (1981), v. 11(1) p. 69-76
Número de controle do registro BR8108094
909 ## -
-- 202311
-- Lúcia
-- 55
-- Lúcia Elande
942 ## - ELEMENTOS DE ENTRADA ADICIONADOS (KOHA)
Fonte da classificação ou esquema de arquivamento na estante Classificação AGRIS
Ocultar no OPAC Não
Tipo de material Koha Analítica
Exemplares
Situação do descarte Fonte da classificação ou esquema de arquivamento na estante Situação física Não pode ser emprestado Biblioteca de origem Biblioteca atual Localização na estante Enumeração do periódico / cronologia Total de empréstimos Data de último acesso Número do exemplar Tipo de material Koha Fonte de aquisição
  Classificação AGRIS   Consulta local Biblioteca Nacional de Agricultura - Binagri Biblioteca Nacional de Agricultura - Binagri   (1981), v. 11(1) p. 69-76   29/11/2023 01 Periódicos Portaria Interministerial nº 164/94

BINAGRI

Telefone: (61)3218-2567/2388/3357/2097 - binagri@agro.gov.br

Ministério da Agricultura e Pecuária , Esplanada dos Ministérios, Bloco D, Anexo B, Brasília/DF, CEP: 70.043-900